000 00786nam a22002657a 4500
001 BR8901790
003 BR-BrBNA
005 20230928093201.0
007 ta
008 230509b bl.||||| |||| 00| 0 por d
040 _aBR-BrBNA
_bpor
_cBiblioteca Nacional de Agricultura
041 _a(Por)
072 _aE14
_b/G514
090 _ E14 BR8901790
110 1 _aMinisterio da Agricultura, Brasilia, DF (Brasil). Secretaria de Acompanhamento e Avaliacao
_96822
245 1 _aAcoes do Ministerio da Agricultura em 1982
260 3 _aBrasilia, DF (Brasil):
_c1983.
300 _a285 p.
650 _aDESENVOLVIMENTO AGRICOLA
650 _aPROJETO DE DESENVOLVIMENTO
650 _aPOLITICA AGRICOLA
650 _aDIRETRIZ
909 _a202309
_bLucia
_c55
_dLucia Elande
942 _cBK
999 _c43481
_d43481